LIBRARY & INFORMATION CENTRE, KCAET, TAVANUR

ONLINE PUBLIC ACCESS CATALOGUE (OPAC)

Reinforced concrete / (Record no. 2541)

MARC details
000 -LEADER
fixed length control field 00548cam a2200229ua 4500
041 ## - LANGUAGE CODE
Language code of text/sound track or separate title eng
082 ## - DEWEY DECIMAL CLASSIFICATION NUMBER
Classification number 624.18341
Item number MAL/RE
100 ## - MAIN ENTRY--AUTHOR NAME
Personal name Mallick, S.K .
245 ## - TITLE STATEMENT
Title Reinforced concrete /
250 ## - EDITION STATEMENT
Edition statement 5 /
260 ## - PUBLICATION, DISTRIBUTION, ETC. (IMPRINT)
Place of publication :
Name of publisher Oxford & IBH Publishing company ,
Year of publication 1989.
300 ## - PHYSICAL DESCRIPTION
Number of Pages 577 ; .
700 1# - ADDED ENTRY--PERSONAL NAME
Personal name Gupta, A.P .
942 ## - ADDED ENTRY ELEMENTS (KOHA)
Koha item type Books
Holdings
Withdrawn status Lost status Damaged status Home library Current library Date acquired Full call number Accession Number Koha item type
      KAUAET KAUAET 07/04/2012 624.18341 MAL/RE 16809 Books
      KAUAET KAUAET 07/04/2012 624.18341 MAL/RE 16811 Books
      KAUAET KAUAET 07/04/2012 624.18341 MAL/RE 16808 Books
      KAUAET KAUAET 07/04/2012 624.18341 MAL/RE 16810 Books
free website counter